000 00309nam a2200121Ia 4500
008 220204s9999 xx 000 0 und d
082 _a624:691
_bPAT
100 _aPaatro, S N
245 0 _aMy home
260 _aBhubaneswar
_bOrissa Environmental Society
_c1991
700 _aUpadhyaya, Biranchi
942 _cBK
999 _c40595
_d40595